| 000 | | | 03709nac2a22002651x 450 |
| 001 | | | ec87edf6-c16b-41ea-8164-235ca3edfc09 |
| 005 | | | 20131112233017.0 |
| 100 | ## | $a | 20130605l1917 k y0rusy50 ca |
| 101 | 0# | $a | rus |
| 102 | ## | $a | RU |
| 105 | ## | $a | y z ||||| |
| 200 | 1# | $a | Карпов. "Савина М. Г. (Страничка из воспоминаний)" |
| | $j | 1917 (?) |
| 215 | ## | $a | 17 листов |
| 251 | ## | $c | Дело |
| 300 | ## | $a | С дарственной надписью автора А. Ф. Кони |
| 300 | ## | $a | Текст напечатан типографским способом |
| 330 | ## | $a | Материалы, преподнесенные и посвященные А. Ф. Кони; Книги и другие печатные издания |
| 461 | #0 | $1 | 0013a54f2e3-e9cf-409b-80fa-f0a9bd3c40cb |
| | $1 | 2001 |
| | $a | Кони Анатолий Федорович, юрист, литератор, член академии наук, председатель Санкт-Петербургского окружного суда, член государственного совета |
| | $1 | 251 |
| | $c | Фонд |
| | $1 | 852 |
| | $j | 564 |
| 462 | #0 | $1 | 00178a475cd-a47d-4377-bff3-cee4b81de655 |
| | $1 | 2001 |
| | $a | Опись дел фонда А. Ф. Кони за 1880-1931 гг. |
| | $1 | 251 |
| | $c | Опись |
| | $1 | 852 |
| | $j | 1 |
| 600 | #1 | $a | Кони |
| | $b | А. Ф. |
| | $f | 1844-1927 |
| | $g | Анатолий Федорович |
| 600 | #1 | $a | Карпов |
| | $b | Е. |
| 600 | #1 | $a | Савина |
| | $b | М. Г. |
| 801 | #0 | $a | RU |
| | $b | GA_RF |
| 801 | #1 | $a | RU |
| | $b | НПО Опыт |
| | $c | 20130605 |
| | $2 | rusmarc |
| 801 | #2 | $a | RU |
| | $b | ПБ им. Б.Н. Ельцина |
| | $c | 20131112 |
| | $g | RCR |
| | $2 | rusmarc |
| 852 | ## | $a | ГА РФ |
| | $j | 4106 |
| 937 | ## | $d | 41460552 |
| | $h | ПБ |
| 035 | ## | $a | RuPRLIB51006977 |